Právne postavenie Fondu národného majetku Slovenskej republiky
Špecifické postavenie Fondu národného majetku SR v procese privatizácie. Právna úprava FNM, zákony a ustanovenia upravujúce jeho pôsobnosť ako právnickej osoby. Právne postavenie fondu. Fond ako subjekt vlastníckych a iných majetkových práv. Fond ako podnikateľ, činnosť fondu a podnikanie. Aplikácia...
Salvato in:
| Autore principale: | |
|---|---|
| Natura: | Capitolo di libro |
| Lingua: | slovacco |
| Soggetti: | |
| Tags: |
Nessun Tag, puoi essere il primo ad aggiungerne!!
|
MARC
| LEADER | 00000naa a2200000 4500 | ||
|---|---|---|---|
| 001 | r024051 | ||
| 005 | 20221205090840.8 | ||
| 041 | 0 | |a slo | |
| 044 | |a SK | ||
| 245 | 1 | 0 | |a Právne postavenie Fondu národného majetku Slovenskej republiky |c Lucia Žitňanská |
| 520 | |a Špecifické postavenie Fondu národného majetku SR v procese privatizácie. Právna úprava FNM, zákony a ustanovenia upravujúce jeho pôsobnosť ako právnickej osoby. Právne postavenie fondu. Fond ako subjekt vlastníckych a iných majetkových práv. Fond ako podnikateľ, činnosť fondu a podnikanie. Aplikácia niektorých právnych predpisov na fond. | ||
| 610 | 2 | 0 | |a FNM SR Bratislava |
| 610 | 2 | 0 | |a osoby právnické |
| 610 | 2 | 0 | |a práva majetkové |
| 610 | 2 | 0 | |a majetok národný |
| 610 | 2 | 0 | |a zákony |
| 610 | 2 | 0 | |a predpisy právne |
| 610 | 2 | 0 | |a Slovensko |
| 610 | 2 | 0 | |a zákonník obchodný |
| 100 | 1 | |a Žitňanská, Lucia | |